00246nam a22001097a 4500020001800000040000900018082001600027100001800043245001400061260004700075650001400122 a9780471184768 cNust a540.21bBRA ajames-e-brady achemistry aNew York:bJohn Wiley and sons Inc,c2000. achemistry